000 01338pam a2200349 a 4500
001 4802845
003 ARRUPE
005 20220520074808.0
008 881017s1988 miu b s001 0 eng
010 _a 88030452
020 _a0472642308
020 _a0472061186 (pbk.)
040 _aDLC
_cDLC
_dDLC
043 _an-us---
050 0 0 _aE185.6
_b.M5 1988
082 0 0 _a973/.0496073
_219
100 1 _aMeier, August,
_d1923-
_94199
245 1 0 _aNegro thought in America, 1880-1915 :
_bracial ideologies in the age of Booker T. Washington : with a new introduction /
_cby August Meier.
260 _aAnn Arbor :
_bUniversity of Michigan Press,
_c[1988]
300 _axii, 336 p. ;
_c21 cm.
490 0 _aAnn Arbor paperbacks ;
_vAA118
500 _aIncludes index.
504 _aBibliography: p. 283-316.
600 1 0 _aWashington, Booker T.,
_d1856-1915
_xInfluence.
_951699
650 0 _aAfrican Americans
_xIntellectual life
_y19th century.
_951700
650 0 _aAfrican Americans
_xIntellectual life
_y20th century.
_951701
650 0 _aAfrican Americans
_xHistory
_y1877-1964.
_951702
651 0 _aUnited States
_xIntellectual life
_y1865-1918.
_951703
906 _a7
_bcbc
_corignew
_d1
_eocip
_f19
_gy-gencatlg
942 _2lcc
_cMONOGRAPH
999 _c131472
_d131472